[Event "Charlotte Carolinas op"]
[Site "Charlotte"]
[Date "2023.06.10"]
[Round "3"]
[White "Naroditsky, Daniel"]
[Black "Carter, Emmanuel"]
[Result "1-0"]
[WhiteElo "2618"]
[BlackElo "1957"]
[PlyCount "41"]
[EventDate "2023.06.09"]
[EventType "swiss"]
[EventRounds "5"]
[EventCountry "USA"]
[SourceTitle "CBM 214 Extra"]
[Source "ChessBase"]
[SourceDate "2023.07.31"]
[SourceVersion "1"]
[SourceVersionDate "2023.07.31"]
[SourceQuality "1"]

1. d4 Nf6 2. c4 e6 3. Nc3 b6 4. e4 Bb7 5. Bd3 d6 6. Nge2 Nbd7 7. 0-0 Be7 8. Ng3 c5 9. d5 0-0 10. f4 exd5 11. cxd5 Re8 12. b3 a6 13. a4 Rc8 14. Bb2 b5 15. axb5 axb5 16. Nxb5 Qb6 17. Kh1 Bf8 18. Na3 Ba6 19. Bxa6 Qxa6 20. e5 dxe5 21. fxe5 1-0

[Event "Charlotte CCCSA Alto op"]
[Site "Charlotte"]
[Date "2022.04.30"]
[Round "2"]
[White "Carter, Emmanuel"]
[Black "Panchanathan, Magesh Chandran"]
[Result "0-1"]
[WhiteElo "1954"]
[BlackElo "2474"]
[PlyCount "78"]
[EventDate "2022.04.29"]
[EventType "swiss"]
[EventRounds "5"]
[EventCountry "USA"]
[SourceTitle "EXT 2023"]
[Source "ChessBase"]
[SourceDate "2022.10.05"]
[SourceVersion "1"]
[SourceVersionDate "2022.10.05"]
[SourceQuality "1"]

1. d4 Nf6 2. Nf3 e6 3. c4 b6 4. Nc3 Bb4 5. Bd2 Bb7 6. a3 Bxc3 7. Bxc3 Ne4 8. Qc2 d6 9. e3 Nd7 10. Bd3 Nxc3 11. Qxc3 0-0 12. 0-0 c5 13. Nd2 Rc8 14. Rfd1 Qh4 15. e4 Nf6 16. Nf3 Qf4 17. d5 Nxe4 18. Bxe4 Qxe4 19. Re1 Qg6 20. Rad1 exd5 21. cxd5 Rce8 22. Qc4 h6 23. Rxe8 Rxe8 24. Qa4 Re2 25. b4 c4 26. Kf1 Rb2 27. Qe8+ Kh7 28. Qe3 Qc2 29. Ke1 Bxd5 30. Nd4 Qg6 31. g3 c3 32. Ne2 Bb3 33. Qxc3 Rxe2+ 34. Kxe2 Qe4+ 35. Qe3 Bxd1+ 36. Kxd1 Qxe3 37. fxe3 Kg6 38. Ke2 Kf5 39. Kf3 b5 0-1

[Event "Titled Tuesday intern op 26th Apr Late"]
[Site "Chess.com INT"]
[Date "2022.04.26"]
[Round "3"]
[White "Carter, Emmanuel"]
[Black "Lopez del Alamo, Antonio"]
[Result "1-0"]
[WhiteElo "1954"]
[BlackElo "2242"]
[PlyCount "85"]
[EventDate "2022.04.26"]
[EventType "swiss (blitz)"]
[EventRounds "11"]
[EventCountry "USA"]
[SourceTitle "CBM 208 Extra"]
[Source "ChessBase"]
[SourceDate "2022.07.31"]
[SourceVersion "1"]
[SourceVersionDate "2022.07.31"]
[SourceQuality "1"]

1. d4 Nf6 2. c4 g6 3. Nc3 Bg7 4. e4 d6 5. f4 0-0 6. Nf3 Na6 7. Bd3 e5 8. fxe5 dxe5 9. d5 Nc5 10. Bc2 a5 11. Be3 Qe7 12. Qd2 Ng4 13. Bg5 f6 14. Bh4 Bh6 15. Qe2 Ne3 16. Nd1 Nxc2+ 17. Qxc2 Qd6 18. 0-0 f5 19. Nc3 Bd7 20. Rae1 Rae8 21. Bg5 Bg7 22. a3 a4 23. Be3 b6 24. Ng5 f4 25. Bf2 h6 26. Nf3 g5 27. Nb5 Bxb5 28. cxb5 Nb3 29. Kh1 Bf6 30. Nd2 Re7 31. Nxb3 axb3 32. Qxb3 Rg7 33. Rc1 g4 34. Rc6 Qd8 35. d6+ Kh8 36. Rd1 Rd7 37. Qe6 h5 38. Qf5 Rh7 39. Rdc1 Bg7 40. dxc7 Qd2 41. c8Q Qxf2 42. Qcxf8+ Bxf8 43. Qxf8# 1-0

[Event "Titled Tuesday intern op 26th Apr Late"]
[Site "Chess.com INT"]
[Date "2022.04.26"]
[Round "6"]
[White "Carter, Emmanuel"]
[Black "Vlassov, Nikolai"]
[Result "0-1"]
[WhiteElo "1954"]
[BlackElo "2294"]
[PlyCount "62"]
[EventDate "2022.04.26"]
[EventType "swiss (blitz)"]
[EventRounds "11"]
[EventCountry "USA"]
[SourceTitle "CBM 208 Extra"]
[Source "ChessBase"]
[SourceDate "2022.07.31"]
[SourceVersion "1"]
[SourceVersionDate "2022.07.31"]
[SourceQuality "1"]

1. d4 Nf6 2. c4 Nc6 3. Nc3 e5 4. d5 Ne7 5. e4 Ng6 6. Bd3 Bc5 7. Nge2 Ng4 8. Rf1 Nxh2 9. Be3 Bxe3 10. fxe3 Nxf1 11. Kxf1 d6 12. Ng1 0-0 13. Qf3 f5 14. exf5 Bxf5 15. Bxf5 Nh4 16. Qh3 Nxf5 17. Ke2 Qh4 18. Qxh4 Nxh4 19. Nf3 Nxf3 20. gxf3 Rf5 21. Rg1 Raf8 22. Rg3 Rh5 23. Kd3 a6 24. a4 Rh2 25. Ne2 h5 26. f4 h4 27. Rg6 e4+ 28. Kd2 h3 29. Rg3 Rf6 30. Ke1 Rxe2+ 31. Kxe2 h2 0-1

[Event "Titled Tuesday intern op 07th Sept"]
[Site "Chess.com INT"]
[Date "2021.09.07"]
[Round "5"]
[White "Boyer, Mahel"]
[Black "Carter, Emmanuel"]
[Result "1-0"]
[WhiteElo "2398"]
[BlackElo "2004"]
[PlyCount "48"]
[EventDate "2021.09.07"]
[EventType "swiss (blitz)"]
[EventRounds "11"]
[EventCountry "USA"]
[SourceTitle "EXT 2022"]
[Source "ChessBase"]
[SourceDate "2021.10.06"]
[SourceVersion "1"]
[SourceVersionDate "2021.10.06"]
[SourceQuality "1"]

1. b3 d6 2. Bb2 e5 3. e3 Nc6 4. Nf3 f5 5. d4 e4 6. d5 Nb4 7. Nd4 Nf6 8. Bb5+ Bd7 9. Ne6 Qc8 10. Bxf6 Bxb5 11. Bxg7 Bxg7 12. Nxg7+ Kf7 13. Ne6 Nxd5 14. Qxd5 Qxe6 15. Qxb5 b6 16. Nc3 Rhg8 17. g3 c5 18. Qc4 Rad8 19. 0-0-0 Qxc4 20. bxc4 Ke6 21. Ne2 a6 22. Nf4+ Kf7 23. Rd5 Rg5 24. h4 Rg4 1-0

[Event "Titled Tuesday intern op 07th Sept"]
[Site "Chess.com INT"]
[Date "2021.09.07"]
[Round "3"]
[White "Carter, Emmanuel"]
[Black "Petrovskiy, Vadim"]
[Result "0-1"]
[WhiteElo "2004"]
[BlackElo "2153"]
[PlyCount "152"]
[EventDate "2021.09.07"]
[EventType "swiss (blitz)"]
[EventRounds "11"]
[EventCountry "USA"]
[SourceTitle "EXT 2022"]
[Source "ChessBase"]
[SourceDate "2021.10.06"]
[SourceVersion "1"]
[SourceVersionDate "2021.10.06"]
[SourceQuality "1"]

1. d4 Nf6 2. c4 g6 3. Nc3 Bg7 4. e4 d6 5. f4 0-0 6. Nf3 Bg4 7. Be2 Na6 8. 0-0 Nd7 9. Be3 e5 10. fxe5 dxe5 11. d5 c6 12. h3 Bxf3 13. Bxf3 cxd5 14. Nxd5 Nac5 15. b4 Ne6 16. Bg4 Nd4 17. Bxd7 Qxd7 18. Bh6 f6 19. Bxg7 Kxg7 20. Qd3 Rae8 21. Rad1 f5 22. exf5 Nxf5 23. Qa3 Qc6 24. Qxa7 Nd4 25. Rxf8 Rxf8 26. Rxd4 exd4 27. Qxd4+ Kh6 28. Qe3+ g5 29. h4 Qg6 30. Ne7 Qf6 31. hxg5+ Qxg5 32. Qe6+ Kg7 33. Nd5 Qc1+ 34. Kh2 Qh6+ 35. Qxh6+ Kxh6 36. a4 Re8 37. c5 Re4 38. b5 Rxa4 39. c6 bxc6 40. bxc6 Rc4 41. c7 Kg7 42. Kg3 Kf7 43. Kf3 Ke6 44. Nf4+ Kd6 45. Kg4 Rxc7 46. Kh5 Ke5 47. Nh3 Kf5 48. g4+ Kf6 49. Nf4 Rg7 50. Nd5+ Ke5 51. Ne3 Rg6 52. g5 Kf4 53. Nd5+ Ke5 54. Nf6 Rg7 55. Kh6 Rg6+ 56. Kh5 Kf5 57. Nxh7 Rg7 58. Kh6 Rg6+ 59. Kh5 Rg7 60. Kh6 Rg8 61. Kh5 Rg6 62. Kh4 Rg7 63. Nf6 Rxg5 64. Nd7 Rg4+ 65. Kh3 Rd4 66. Nc5 Ke5 67. Kg3 Kd5 68. Nd7 Ke6 69. Nf8+ Kf6 70. Nh7+ Kg6 71. Nf8+ Kf6 72. Nh7+ Kf5 73. Nf8 Rd8 74. Nh7 Rh8 75. Ng5 Kxg5 76. Kf3 Rh4 0-1

[Event "North American-ch U20"]
[Site "Charlotte"]
[Date "2020.12.21"]
[Round "6"]
[White "Chen, Jonathan"]
[Black "Carter, Emmanuel"]
[Result "1/2-1/2"]
[WhiteElo "2167"]
[BlackElo "2037"]
[PlyCount "116"]
[EventDate "2020.12.19"]
[EventType "swiss"]
[EventRounds "9"]
[EventCountry "USA"]
[SourceTitle "CBM 199 Extra"]
[Source "ChessBase"]
[SourceDate "2021.01.31"]
[SourceVersion "1"]
[SourceVersionDate "2021.01.31"]
[SourceQuality "1"]

1. d4 Nf6 2. c4 g6 3. g3 Bg7 4. Bg2 d6 5. Nc3 Nbd7 6. Nf3 c6 7. 0-0 0-0 8. e4 e5 9. h3 exd4 10. Nxd4 Nb6 11. b3 Nfd7 12. Bb2 a5 13. Nde2 Nc5 14. Qc2 Qc7 15. Rad1 Be6 16. Bc1 Rad8 17. Bg5 Rd7 18. Be3 Rdd8 19. f4 f6 20. Kh2 Rfe8 21. Rd2 a4 22. Bxc5 dxc5 23. Rfd1 axb3 24. axb3 Qe7 25. Nc1 Na8 26. Rxd8 Rxd8 27. Rxd8+ Qxd8 28. Qd3 Qe7 29. Qe3 Nc7 30. Nd3 Na6 31. e5 fxe5 32. fxe5 Bf5 33. Be4 Be6 34. Ne2 Bf8 35. Nef4 Bf7 36. e6 Be8 37. h4 Bg7 38. Bg2 Bd4 39. Qe4 Qf6 40. Bh3 Nb4 41. Ne1 Qe5 42. Qxe5 Bxe5 43. Nf3 Bf6 44. Nd2 Kg7 45. Ne4 Be7 46. g4 Nc2 47. Nd3 b6 48. g5 Nd4 49. Ne5 Nxb3 50. Ng4 b5 51. Ngf6 Kf8 52. Nxh7+ Kg7 53. Nhf6 Kf8 54. Nh7+ Kg7 55. Nhf6 Kf8 56. Nh7+ Kg8 57. Nhf6+ Kf8 58. Nh7+ Kg8 1/2-1/2

[Event "Titled Tuesday intern op 16th June"]
[Site "Chess.com INT"]
[Date "2020.06.16"]
[Round "3"]
[White "Carter, Emmanuel"]
[Black "Gadimbayli, Abdulla Azar"]
[Result "0-1"]
[WhiteElo "2037"]
[BlackElo "2470"]
[PlyCount "86"]
[EventDate "2020.06.16"]
[EventType "swiss (blitz)"]
[EventRounds "10"]
[EventCountry "USA"]
[SourceTitle "EXT 2021"]
[Source "ChessBase"]
[SourceDate "2020.10.23"]
[SourceVersion "1"]
[SourceVersionDate "2020.10.23"]
[SourceQuality "1"]

1. d4 d5 2. c4 e5 3. dxe5 d4 4. Nf3 Nc6 5. g3 Nge7 6. Bg2 Ng6 7. 0-0 Ngxe5 8. b3 Bc5 9. Bb2 0-0 10. Nbd2 Nxf3+ 11. Bxf3 Bh3 12. Re1 a5 13. Ne4 Ba7 14. Qd2 h6 15. Qf4 Qe7 16. Bg2 Bxg2 17. Kxg2 Rfe8 18. f3 Rad8 19. Rad1 Nb4 20. Ba3 Bc5 21. Nxc5 Qxc5 22. Bxb4 axb4 23. Rd3 Re7 24. Qd2 Red7 25. Rd1 Rd6 26. Qf4 g5 27. Qd2 b6 28. h4 gxh4 29. gxh4 Rg6+ 30. Kf2 Qe5 31. f4 Qf6 32. Rh1 c5 33. Rf3 Qf5 34. Qd3 Qg4 35. Ke1 Re8 36. Kd2 Qg2 37. Rhh3 Kh8 38. h5 Rge6 39. Rhg3 Rxe2+ 40. Kc1 Re1+ 41. Qd1 Rxd1+ 42. Kxd1 Qe2+ 43. Kc1 Qxa2 0-1

[Event "PRO League Atlantic"]
[Site "Chess.com INT"]
[Date "2017.01.25"]
[Round "3"]
[White "Balakrishnan, Praveen"]
[Black "Carter, Emmanuel"]
[Result "0-1"]
[WhiteElo "2465"]
[BlackElo "2052"]
[PlyCount "80"]
[EventDate "2017.01.11"]
[EventType "team-swiss (rapid)"]
[EventRounds "7"]
[EventCountry "USA"]
[SourceTitle "CBM 176 Extra"]
[Source "ChessBase"]
[SourceDate "2017.03.02"]
[SourceVersion "1"]
[SourceVersionDate "2017.03.02"]
[SourceQuality "1"]
[WhiteTeam "New Jersey Knockouts"]
[BlackTeam "Carolina Cobras"]
[WhiteTeamCountry "UAE"]
[BlackTeamCountry "USA"]

1. e4 e6 2. d4 d5 3. Nc3 Nf6 4. e5 Nfd7 5. f4 c5 6. Nf3 Nc6 7. Be3 cxd4 8. Nxd4 Bc5 9. Qd2 0-0 10. 0-0-0 Nxd4 11. Bxd4 a6 12. Kb1 b5 13. Ne2 Bb7 14. Ng3 Rc8 15. Nh5 Bxd4 16. Qxd4 f6 17. exf6 g6 18. Ng3 Qxf6 19. Ne2 Qxd4 20. Rxd4 e5 21. fxe5 Nxe5 22. g3 Rf2 23. Rf4 Rf8 24. Rxf8+ Kxf8 25. Nd4 Ke7 26. Bh3 Kd6 27. b3 Rd2 28. Ne6 d4 29. Rf1 Rxh2 30. Ng5 h6 31. Rf6+ Kc5 32. Ne6+ Kb4 33. Kb2 Nd3+ 34. Kb1 Ne1 35. Bf1 Nxc2 36. Nf4 Na3+ 37. Ka1 Rd2 38. Nd3+ Kc3 39. Nc1 Rd1 40. Rf3+ Bxf3 0-1

[Event "PRO League Atlantic"]
[Site "Chess.com INT"]
[Date "2017.01.18"]
[Round "2"]
[White "Carter, Emmanuel"]
[Black "Shen, Christopher Y"]
[Result "1-0"]
[WhiteElo "2052"]
[BlackElo "2165"]
[PlyCount "109"]
[EventDate "2017.01.11"]
[EventType "team-swiss (rapid)"]
[EventRounds "7"]
[EventCountry "USA"]
[SourceTitle "CBM 176 Extra"]
[Source "ChessBase"]
[SourceDate "2017.03.02"]
[SourceVersion "1"]
[SourceVersionDate "2017.03.02"]
[SourceQuality "1"]
[WhiteTeam "Carolina Cobras"]
[BlackTeam "Columbus Cardinals"]
[WhiteTeamCountry "USA"]
[BlackTeamCountry "USA"]

1. e4 c5 2. Nf3 e6 3. Nc3 a6 4. d4 cxd4 5. Nxd4 Qc7 6. g3 Nf6 7. Bg2 d6 8. 0-0 Nbd7 9. Qe2 Be7 10. Re1 Rb8 11. a4 b6 12. e5 Nxe5 13. f4 Qc5 14. Be3 Neg4 15. Bc6+ Bd7 16. Bxd7+ Kxd7 17. Qxa6 Nxe3 18. Qa7+ Qc7 19. Qxc7+ Kxc7 20. Rxe3 d5 21. f5 Bc5 22. fxe6 Ng4 23. Ncb5+ Kb7 24. Rf3 Ne5 25. Rf2 f6 26. c3 Rhe8 27. Kg2 Nd3 28. Re2 Ne5 29. Nf5 Rxe6 30. Nbd4 Ree8 31. Nxg7 Rg8 32. Nh5 Rg6 33. Nf4 Rg4 34. Nxd5 Bxd4 35. cxd4 Rxd4 36. Nxf6 Nc6 37. Nxh7 Rh8 38. Nf6 Rh6 39. Ne4 Rb4 40. Nc3 Rd6 41. h4 Rg4 42. Kh3 Rdg6 43. Rg1 Nd4 44. Rf2 Rg7 45. h5 R4g5 46. g4 Re7 47. Rgf1 Re3+ 48. Kh4 Rg8 49. Rf7+ Kc6 50. h6 Ne6 51. h7 Rh8 52. g5 Rd8 53. Rd1 Rxd1 54. Nxd1 Re4+ 55. Kg3 1-0

[Event "PRO League Atlantic"]
[Site "Chess.com INT"]
[Date "2017.01.18"]
[Round "2"]
[White "Wang, Jason"]
[Black "Carter, Emmanuel"]
[Result "0-1"]
[WhiteElo "2006"]
[BlackElo "2052"]
[PlyCount "42"]
[EventDate "2017.01.11"]
[EventType "team-swiss (rapid)"]
[EventRounds "7"]
[EventCountry "USA"]
[SourceTitle "CBM 176 Extra"]
[Source "ChessBase"]
[SourceDate "2017.03.02"]
[SourceVersion "1"]
[SourceVersionDate "2017.03.02"]
[SourceQuality "1"]
[WhiteTeam "Columbus Cardinals"]
[BlackTeam "Carolina Cobras"]
[WhiteTeamCountry "USA"]
[BlackTeamCountry "USA"]

1. d4 Nf6 2. c4 e6 3. Nc3 c5 4. d5 exd5 5. cxd5 Bd6 6. Nf3 0-0 7. e3 h6 8. Be2 Na6 9. Bxa6 bxa6 10. 0-0 Bb7 11. b3 Re8 12. Qd3 a5 13. Bb2 Qe7 14. Rfe1 Ne4 15. Nd2 Bxh2+ 16. Kf1 Nxd2+ 17. Qxd2 Qf6 18. Ne2 Qf5 19. Nc3 Ba6+ 20. Ne2 Bg3 21. f3 Qh5 0-1